000 00470nam a2200169Ia 4500
999 _c21639
_d21639
003 OSt
005 20200708141725.0
008 190216s9999||||xx |||||||||||||| ||und||
040 _coclc
082 _a980.033
_bSIN/C
100 _aSinay, Sergio
_93674
245 0 _aChe For Beginners /
_cSergio Sinay
260 _bOrient Longman,
_c1997.
_aHyderbad:
300 _a185p
650 _aHistory
942 _cBK
_2ddc
_h980.033
_iSIN/C
_k980.033
_mSIN/C